| 000 | 00819nam a2200229 a 4500 | ||
|---|---|---|---|
| 001 | 37888 | ||
| 003 | BD-RjUL | ||
| 005 | 20211209052700.0 | ||
| 008 | 150806b1958 bg ||||| |||| 00| 0 ben d | ||
| 035 | _a(BD-RjUL)37993 | ||
| 040 |
_aBD-RjUL _bben _cBD-RjUL |
||
| 041 | _aben | ||
| 082 |
_a297.12541 _bJAT 1958 |
||
| 100 |
_aযবীদীর, আবু-'ল-আব্বাস যইনু-'দ-দীন আহমদ _9117384 |
||
| 245 | 1 | 0 |
_aতজরীদুল বুখারী / _cআবু-'ল-আব্বাস যইনু-'দ-দীন আহমদ যবীদীর |
| 260 |
_aঢাকা : _bবাংলা একাডেমী, _c১৯৫৮ |
||
| 300 |
_aV ; _c২৪ সেমি. |
||
| 505 | _aV.1-- | ||
| 650 |
_aহাদীস _9117385 |
||
| 650 |
_aHadith _9117386 |
||
| 942 |
_2ddc _cBK |
||
| 999 |
_c37888 _d37888 |
||